000 00837nam a2200253Ia 4500
003 OSt
005 20220923211622.0
006 a|||||r|||| 00| 0
007 ta
008 220922b |||||||| |||| 00| 0 san d
024 _a13,979
037 _cTextual
040 _aARTS
_cARTS
_bsan
041 _2san
_asan
082 _a/\25xG32,1, 15M1
100 _aगोस्वामी, रूप
_9156358
245 0 _aभक्तिरसामृतसिन्धु
246 _aBhaktirasāmṛutasindhu
260 _aवृन्दावन
_b श्यामदास
_c1981
300 _a840पृ0
_ccm.
650 _aआध्यात्मिक अनुभव और रहस्यवाद
942 _h/\25xG32,1, 15M1
_cTEXL
_2CC
999 _c301536
_d301536